| 000 | 00951nam a22003737a 4500 | ||
|---|---|---|---|
| 001 | BR0809986 | ||
| 003 | BR-BrBNA | ||
| 005 | 20230928102854.0 | ||
| 007 | ta | ||
| 008 | 230509b bl.||||| |||| 00| 0 por d | ||
| 040 |
_aBR-BrBNA _bpor _cBiblioteca Nacional de Agricultura |
||
| 041 | _a(Por) | ||
| 072 |
_aL01 _b6100 |
||
| 090 | _ 6100 BR0809986 | ||
| 100 | 1 | _aAlbino, L.F.T. | |
| 100 | 1 | _aNery, L.R. | |
| 100 | 1 | _aVargas Júnior, J.G. de | |
| 100 | 1 | _aSilva, J.H.V. da | |
| 245 | 1 | _aCriação de frango e galinha caipira; avicultura alternativa | |
| 260 | 3 |
_aViçosa, MG (Brasil): _c2005. |
|
| 300 | _a208 p. | ||
| 500 | _a32 ref. | ||
| 650 | _aFRANGO | ||
| 650 | _aGALINHA CAIPIRA | ||
| 650 | _aCRIAÇÃO | ||
| 650 | _aMANEJO | ||
| 650 | _aOVO | ||
| 650 | _aINCUBAÇÃO | ||
| 650 | _aCOMERCIALIZAÇÃO | ||
| 650 | _aDOENÇA ANIMAL | ||
| 650 | _aBIOSSEGURANÇA | ||
| 909 |
_a202309 _bLucia _c55 _dLucia Elande |
||
| 942 | _cBK | ||
| 999 |
_c72788 _d72788 |
||